000
00332nam a2200133Ia 4500
008
150201s2006 xx 000 0 und d
082
_a
610.69
_b
R06W
100
_a
WHO
245
_a
REGIONAL GUIDELINE FOR MGT.-MALARIA
250
_a
IST
260
_b
WHO
_a
UBS
_c
2006
650
_a
OTHER CLINICAL & NON CLINICAL BOOKS
942
_2
ddc
_c
BK
999
_c
462
_d
462